000 00704cab a2200265 4500
001 ABS50770
008 090401t1994 xxu||||| |||| 00| 0 eng d
035 _a(Sirsi) u40810
041 _aeng
100 _aCockburn, R.
245 _aMore than a summer holiday
260 _c1994
350 _a0
490 _aTaxation
_v133(3455) 26 May 1994, 202(1)
520 _aAdvises on ways of reducing the tax liability of a foreign home let to offset costs.
650 _aFOREIGN PROPERTY
650 _aHOLIDAY HOMES
650 _aHOLIDAY LETTINGS
650 _aSECOND HOMES
650 _aTAX EFFICIENCY
650 _aTAX LIABILITY
690 _aTAXATION
942 _n0
948 _c04/03/1997
999 _c26154
_d26154